1334 1656 1771 1243 1341 1823 1132 1844 1423 1248 1914 1840 1052 1057 1412 1484 1271 1282 1232 1204 1062 1236 1724 1581 1437 1174 1092 1018 1698 1574 1063 1855 1198 1376 1664 1003 1607 1922 1320 1478 1331 1108 1665 1570 1203 1472 1201 1601 1464 1829 1557 1854 1072 1496 1278 1149 1626 1033 1384 1654 1747 1854 1452 1347 1431 1043 1009 1153 1672 1474 1623 1559 1881 1539 1197 1853 1317 1893 1161 1685 1416 1581 1624 1506 1383 1245 1604 1253 1398 1751 1984 1538 1310 1070 1670 1063 1483 1511 1379 BCNSPRNW ULIB Ver.6.0+V

เปลี่ยนเป็นภาษาไทย

Change to English
 แสดงรายละเอียดบรรณานุกรม
  กลับหน้าหลัก

Brief Record : Get Marc (ISO 2709) : E-mail record : QR code < ปิดหน้าต่าง
LEADER : 00000nam 2200000uu 4500
001    13399125758
003     ULIB
008    170830s2559||||th 000 0 tha d
020    ^a9786167902890
060 04 ^aWS104^bจ493พ
100 0  ^aจิรนันท์ วีรกุล
245 00 ^aพัฒนาการผิดปกติที่พบบ่อยในเด็กแรกเกิด-5ปี /^cจิรนันท์ วีรกุล
250    ^aพิมพ์ครั้งที่ 2
260    ^aพิษณุโลก :^bสำนักพิมพ์มหาวิทยาลัยนเรศวร, ^c2559
300    ^a89 หน้า ;^c26 ซม.
505 0  ^aพัฒนาการผิดปกติ -- พื้นอารมณ์ของเด็ก -- พัฒนาการด้านกล้ามเนื้อมัดใญ่ผิดปกติ -- พัฒนาการด้านกล้ามเนื้อมัดเล็กผิดปกติ -- พัฒนาการด้านการพูดและการสื่อความหมายล่าช้า -- พัฒนาการด้านสังคมและการช่วยเหลือตนเองผิดปกติ
650  4 ^aเด็ก
650  4 ^aพัฒนาการของเด็ก
650  4 ^aเด็ก^xการบริบาลและสุขวิทยา
945    ^p0^l0^i003077
945    ^p0^l0^i003078
945    ^p0^l0^i003079
945    ^p0^l0^i003080
945    ^p0^l0^i003081
945    ^p0^l0^i003082
945    ^p0^l0^i003083
945    ^p0^l0^i003084
945    ^p0^l0^i003085
945    ^p0^l0^i003086
945    ^p0^l0^i003087
945    ^p0^l0^i003088
999    ^aประนอม เกษจรัล
รายการนี้ยังไม่มีแท็ก
คุณยังไม่ได้ล็อกอิน คุณสามารถมีกิจกรรมร่วมกับเว็บไซต์ได้ แต่ต้องล็อกอินก่อน ::
  ล็อกอิน

รายการสื่อสารสนเทศ

ลำดับที่ ประเภท เลขเรียก/บาร์โค้ด สถานที่ สถานะ
1. วิทยาศาสตร์การแพทย์ และสุขภาพ
วิทยาศาสตร์การแพทย์ และสุขภาพ
สถานะ=หนังสือเก่า
WS104 จ493พ ฉ.1 
  Barcode: 003077
ห้องสมุดวิทยาเขตสวรรค์ประชารักษ์
►ส่วนจัดเก็บหนังสือเก่า สปร
บนชั้น
  ขอยืม
2. วิทยาศาสตร์การแพทย์ และสุขภาพ
วิทยาศาสตร์การแพทย์ และสุขภาพ
สถานะ=หนังสือเก่า
WS104 จ493พ ฉ.10 
  Barcode: 003086
ห้องสมุดวิทยาเขตสวรรค์ประชารักษ์
►ส่วนจัดเก็บหนังสือเก่า สปร
บนชั้น
  ขอยืม
3. วิทยาศาสตร์การแพทย์ และสุขภาพ
วิทยาศาสตร์การแพทย์ และสุขภาพ
สถานะ=หนังสือเก่า
WS104 จ493พ ฉ.11 
  Barcode: 003087
ห้องสมุดวิทยาเขตสวรรค์ประชารักษ์
►ส่วนจัดเก็บหนังสือเก่า สปร
บนชั้น
  ขอยืม
4. วิทยาศาสตร์การแพทย์ และสุขภาพ
วิทยาศาสตร์การแพทย์ และสุขภาพ
สถานะ=หนังสือเก่า
WS104 จ493พ ฉ.12 
  Barcode: 003088
ห้องสมุดวิทยาเขตสวรรค์ประชารักษ์
►ส่วนจัดเก็บหนังสือเก่า สปร
บนชั้น
  ขอยืม
5. วิทยาศาสตร์การแพทย์ และสุขภาพ
วิทยาศาสตร์การแพทย์ และสุขภาพ
สถานะ=หนังสือเก่า
WS104 จ493พ ฉ.2 
  Barcode: 003078
ห้องสมุดวิทยาเขตสวรรค์ประชารักษ์
►ส่วนจัดเก็บหนังสือเก่า สปร
บนชั้น
  ขอยืม
6. วิทยาศาสตร์การแพทย์ และสุขภาพ
วิทยาศาสตร์การแพทย์ และสุขภาพ
สถานะ=หนังสือเก่า
WS104 จ493พ ฉ.3 
  Barcode: 003079
ห้องสมุดวิทยาเขตสวรรค์ประชารักษ์
►ส่วนจัดเก็บหนังสือเก่า สปร
บนชั้น
  ขอยืม
7. วิทยาศาสตร์การแพทย์ และสุขภาพ
วิทยาศาสตร์การแพทย์ และสุขภาพ
สถานะ=หนังสือเก่า
WS104 จ493พ ฉ.4 
  Barcode: 003080
ห้องสมุดวิทยาเขตสวรรค์ประชารักษ์
►ส่วนจัดเก็บหนังสือเก่า สปร
บนชั้น
  ขอยืม
8. วิทยาศาสตร์การแพทย์ และสุขภาพ
วิทยาศาสตร์การแพทย์ และสุขภาพ
สถานะ=หนังสือเก่า
WS104 จ493พ ฉ.5 
  Barcode: 003081
ห้องสมุดวิทยาเขตสวรรค์ประชารักษ์
►ส่วนจัดเก็บหนังสือเก่า สปร
บนชั้น
  ขอยืม
9. วิทยาศาสตร์การแพทย์ และสุขภาพ
วิทยาศาสตร์การแพทย์ และสุขภาพ
สถานะ=หนังสือเก่า
WS104 จ493พ ฉ.6 
  Barcode: 003082
ห้องสมุดวิทยาเขตสวรรค์ประชารักษ์
►ส่วนจัดเก็บหนังสือเก่า สปร
บนชั้น
  ขอยืม
10. วิทยาศาสตร์การแพทย์ และสุขภาพ
วิทยาศาสตร์การแพทย์ และสุขภาพ
สถานะ=หนังสือเก่า
WS104 จ493พ ฉ.7 
  Barcode: 003083
ห้องสมุดวิทยาเขตสวรรค์ประชารักษ์
►ส่วนจัดเก็บหนังสือเก่า สปร
บนชั้น
  ขอยืม
11. วิทยาศาสตร์การแพทย์ และสุขภาพ
วิทยาศาสตร์การแพทย์ และสุขภาพ
สถานะ=หนังสือเก่า
WS104 จ493พ ฉ.8 
  Barcode: 003084
ห้องสมุดวิทยาเขตสวรรค์ประชารักษ์
►ส่วนจัดเก็บหนังสือเก่า สปร
บนชั้น
  ขอยืม
12. วิทยาศาสตร์การแพทย์ และสุขภาพ
วิทยาศาสตร์การแพทย์ และสุขภาพ
สถานะ=หนังสือเก่า
WS104 จ493พ ฉ.9 
  Barcode: 003085
ห้องสมุดวิทยาเขตสวรรค์ประชารักษ์
►ส่วนจัดเก็บหนังสือเก่า สปร
บนชั้น
  ขอยืม

รายการใกล้เคียง
    ผู้แต่ง [จิรนันท์ วีรกุล]

    หัวเรื่อง [เด็ก]
    หัวเรื่อง [พัฒนาการของเด็ก]

BibComment


ยังไม่เคยถูกคอมเมนท์

คอมเมนท์ทรัพยากรรายการนี้
  คอมเมนท์: พัฒนาการผิดปกติท..


 Copyright 2026. Bcnsprnw @Library